• 首页
  • 本馆介绍
  • 公告通知
  • 最新文献
  • 馆藏检索
  • 电子资源
  • 读者导购
  • 参考咨询
  • 我的图书馆
  • 登录
  • 详细信息显示
  • 放入我的书架
  • 预约/预借图书
  • 作者相关作品
  • 分类相关作品
  • 丛书相关作品
  • 出版社相关作品

书目信息

  • 表格格式
  • 工作单格式
  • 卡片格式
题名:
30分钟做晚餐
    
 
作者: 陈金叶 著
分册:  
出版信息: 北京   中国轻工业出版社  2004
页数: 83页
开本: 19cm
丛书名: 现代人食谱
单 册:
中图分类: TS972.12
科图分类:
主题词: 菜谱--中国 , 菜谱
电子资源:
ISBN: 7-5019-4237-4
000 00876oam2 2200277 450
001 002633782
005 20061113085115.45
010    @a7-5019-4237-4@dCNY18.00
100    @a20041121e20052004em y0chiy0110 ea
101 0  @achi
102    @aCN@b110000
105    @aa z 000yy
200 1  @a30分钟做晚餐@930 fen zhong zuo wan can@f陈金叶著
210    @a北京@c中国轻工业出版社@d2004@h2005重印
215    @a83页@c图@d19cm
225 2  @a现代人食谱@i食尚系列@v24
305    @a台湾生活品位文化传播有限公司授权出版
330    @a本书选编了多道好菜,介绍了食物材料的分类保存方法,以及只要几个小步骤就能让食物材料常保鲜的方法.
462  0 @12001 @a食尚系列@v24
510 1  @a30 Minutes for Your Supper@zeng
606 0  @a菜谱@y中国
606 0  @a菜谱
690    @aTS972.12@v4
701  0 @a陈金叶@9chen jin ye@4著
801  0 @aCN@bNLC@c20061113
905    @a10447@dTS972.12@e153
    
    30分钟做晚餐/陈金叶著.-北京:中国轻工业出版社,2004(2005重印)
    83页:图;19cm.-(现代人食谱.食尚系列;24)
    
    
    ISBN 7-5019-4237-4:CNY18.00
    本书选编了多道好菜,介绍了食物材料的分类保存方法,以及只要几个小步骤就能让食物材料常保鲜的方法.
●
相关链接 在E读中查询图书 在五车中查询图书 在当当中查询图书 在豆瓣中查询图书


正题名:30分钟做晚餐     索取号:TS972.12/153         预约/预借

序号 登录号 条形码 馆藏地/架位号 状态 备注
1 0384166   203841664   第二样本阅览室/ [索取号:TS972.12/153] 在馆    
2 0384167   203841673   第三借阅区/ [索取号:TS972.12/153] 在馆    
3 0384168   203841682   第三借阅区/ [索取号:TS972.12/153] 在馆    
4 0384169   203841691   第三借阅区/ [索取号:TS972.12/153] 在馆    
5 0384170   203841708   第三借阅区/ [索取号:TS972.12/153] 在馆    
欢迎您!
大连网信软件有限公司© 版权所有